[Event "WCO 2016"]
[Site "?"]
[Date "2016.09.11"]
[Round "9"]
[Board "22"]
[WhiteID "10300171"]
[White "Alkhaldi Bader"]
[BlackID "11501863"]
[Black "Alhadad Mahmoud"]
[Result "0-1"]
[BlackElo "1999"]
[WhiteElo "1956"]
[LiveChessVersion "1.4.8"]

1. e4 {[%clk 1:30:48]} c5 {[%clk 1:30:53]} 2. Nf3 {[%clk 1:30:59]} e6
{[%clk 1:31:19]} 3. d4 {[%clk 1:31:11]} cxd4 {[%clk 1:31:46]} 4. Nxd4
{[%clk 1:31:33]} Nf6 {[%clk 1:32:09]} 5. Nc3 {[%clk 1:31:18]} Bb4
{[%clk 1:32:35]} 6. e5 {[%clk 1:28:38]} Nd5 {[%clk 1:33:01]} 7. Qg4
{[%clk 1:16:34]} g6 {[%clk 1:33:28]} 8. Bd2 {[%clk 1:15:59]} a6 {[%clk 1:32:31]}
9. Bd3 {[%clk 1:02:42]} Qc7 {[%clk 1:28:13]} 10. O-O {[%clk 0:56:59]} Bxc3
{[%clk 1:28:31]} 11. bxc3 {[%clk 0:57:02]} Qxe5 {[%clk 1:28:29]} 12. Rfe1
{[%clk 0:56:22]} Qg7 {[%clk 1:26:20]} 13. Nf5 {[%clk 0:52:19]} Qf8
{[%clk 1:24:13]} 14. Qc4 {[%clk 0:27:49]} Nb6 {[%clk 0:50:57]} 15. Qc7
{[%clk 0:26:56]} gxf5 {[%clk 0:51:25]} 16. Qxb6 {[%clk 0:25:20]} Qg7
{[%clk 0:51:13]} 17. Qc5 {[%clk 0:23:59]} Nc6 {[%clk 0:51:30]} 18. Bxf5
{[%clk 0:21:34]} Rg8 {[%clk 0:50:17]} 19. Bh3 {[%clk 0:21:35]} b5
{[%clk 0:40:53]} 20. Re4 {[%clk 0:15:46]} Ne7 {[%clk 0:30:47]} 21. Rae1
{[%clk 0:09:43]} f5 {[%clk 0:26:14]} 22. R4e2 {[%clk 0:07:34]} Bb7
{[%clk 0:24:29]} 23. g3 {[%clk 0:07:52]} Be4 {[%clk 0:21:51]} 24. Bg2
{[%clk 0:05:42]} Bxg2 {[%clk 0:22:13]} 25. Kxg2 {[%clk 0:06:02]} Rc8
{[%clk 0:21:50]} 26. Qa7 {[%clk 0:05:57]} Rc6 {[%clk 0:21:46]} 27. Qb8+
{[%clk 0:03:41]} Kf7 {[%clk 0:22:10]} 28. Qa7 {[%clk 0:04:00]} Rd6
{[%clk 0:18:10]} 29. Bf4 {[%clk 0:03:47]} Rd5 {[%clk 0:16:49]} 30. c4
{[%clk 0:03:35]} bxc4 {[%clk 0:16:33]} 31. Qxa6 {[%clk 0:04:02]} Ng6
{[%clk 0:16:54]} 32. Bd6 {[%clk 0:00:35]} Nh4+ {[%clk 0:17:09]} 33. Kh1
{[%clk 0:00:40]} Qg4 {[%clk 0:17:34]} 0-1

[Event "WCO 2016"]
[Site "?"]
[Date "2016.09.11"]
[Round "9"]
[Board "23"]
[WhiteID "11501731"]
[White "Allam Mohamed"]
[BlackID "10300015"]
[Black "Alothman Abdul Wahab"]
[Result "1/2-1/2"]
[BlackElo "2056"]
[WhiteElo "1850"]
[LiveChessVersion "1.4.8"]

1. e4 {[%clk 1:30:55]} e6 {[%clk 1:30:51]} 2. d4 {[%clk 1:31:13]} d5
{[%clk 1:31:15]} 3. Nc3 {[%clk 1:31:35]} Nf6 {[%clk 1:31:35]} 4. Bg5
{[%clk 1:31:59]} dxe4 {[%clk 1:31:47]} 5. Nxe4 {[%clk 1:32:15]} Be7
{[%clk 1:32:02]} 6. Bxf6 {[%clk 1:32:09]} gxf6 {[%clk 1:32:24]} 7. Nf3
{[%clk 1:31:14]} a6 {[%clk 1:31:45]} 8. g3 {[%clk 1:27:46]} b5 {[%clk 1:31:17]}
9. Bg2 {[%clk 1:27:03]} Bb7 {[%clk 1:28:14]} 10. Qe2 {[%clk 1:25:49]} Nd7
{[%clk 1:20:03]} 11. O-O {[%clk 1:24:23]} Bd5 {[%clk 1:14:26]} 12. Rfd1
{[%clk 1:15:32]} O-O {[%clk 1:09:07]} 13. Nc3 {[%clk 1:07:55]} c6
{[%clk 1:07:59]} 14. a4 {[%clk 0:54:58]} b4 {[%clk 0:49:00]} 15. Ne4
{[%clk 0:54:38]} f5 {[%clk 0:48:33]} 16. Ned2 {[%clk 0:53:05]} c5
{[%clk 0:40:09]} 17. Ne5 {[%clk 0:44:11]} Bxg2 {[%clk 0:35:42]} 18. Kxg2
{[%clk 0:43:40]} Qc7 {[%clk 0:33:00]} 19. Ndc4 {[%clk 0:36:05]} Nf6
{[%clk 0:31:28]} 20. dxc5 {[%clk 0:29:59]} Bxc5 {[%clk 0:30:11]} 21. f3
{[%clk 0:26:58]} Nd5 {[%clk 0:28:17]} 22. Re1 {[%clk 0:17:48]} Rac8
{[%clk 0:26:48]} 23. Rad1 {[%clk 0:13:32]} Ba7 {[%clk 0:25:23]} 24. b3
{[%clk 0:06:31]} Rfd8 {[%clk 0:15:39]} 25. f4 {[%clk 0:04:01]} Nc3
{[%clk 0:13:44]} 26. Rxd8+ {[%clk 0:04:20]} Rxd8 {[%clk 0:13:56]} 27. Qf3
{[%clk 0:04:16]} Ne4 {[%clk 0:11:56]} 28. Rd1 {[%clk 0:03:27]} Rd5
{[%clk 0:09:18]} 29. Nd3 {[%clk 0:03:10]} Nc3 {[%clk 0:07:15]} 30. Re1
{[%clk 0:03:22]} a5 {[%clk 0:07:20]} 31. Rc1 {[%clk 0:02:52]} Nxa4
{[%clk 0:06:46]} 32. Ra1 {[%clk 0:01:48]} Nc3 {[%clk 0:06:55]} 33. Qh5
{[%clk 0:02:11]} Bd4 {[%clk 0:06:29]} 34. Nde5 {[%clk 0:01:19]} Bxe5
{[%clk 0:06:09]} 35. fxe5 {[%clk 0:01:40]} Ne4 {[%clk 0:05:44]} 36. Re1
{[%clk 0:01:41]} Qe7 {[%clk 0:04:26]} 37. Ra1 {[%clk 0:01:33]} Qd8
{[%clk 0:04:01]} 38. Re1 {[%clk 0:01:07]} Nd2 {[%clk 0:03:47]} 39. Nd6
{[%clk 0:01:22]} Qe7 {[%clk 0:03:26]} 40. Re2 {[%clk 0:31:16]} Nb1
{[%clk 0:33:18]} 41. g4 {[%clk 0:22:41]} Nc3 {[%clk 0:24:42]} 42. Re3
{[%clk 0:20:10]} 1/2-1/2

[Event "WCO 2016"]
[Site "?"]
[Date "2016.09.11"]
[Round "9"]
[Board "24"]
[WhiteID "10300058"]
[White "Al Khateeb Taher"]
[BlackID "3400085"]
[Black "Michel Yunis Christian D."]
[Result "0-1"]
[BlackElo "2234"]
[WhiteElo "2002"]
[LiveChessVersion "1.4.8"]

1. d4 {[%clk 1:30:57]} Nf6 {[%clk 1:30:37]} 2. Bg5 {[%clk 1:31:20]} e6
{[%clk 1:24:01]} 3. e4 {[%clk 1:31:41]} h6 {[%clk 1:23:59]} 4. Bxf6
{[%clk 1:31:39]} Qxf6 {[%clk 1:24:26]} 5. c3 {[%clk 1:31:17]} d6 {[%clk 1:23:58]}
6. Bd3 {[%clk 1:27:06]} g6 {[%clk 1:21:34]} 7. Ne2 {[%clk 1:26:20]} Bg7
{[%clk 1:21:34]} 8. Nd2 {[%clk 1:22:27]} O-O {[%clk 1:16:21]} 9. f4
{[%clk 1:18:34]} e5 {[%clk 1:11:51]} 10. O-O {[%clk 1:15:04]} Qe7
{[%clk 1:02:18]} 11. f5 {[%clk 1:05:57]} exd4 {[%clk 0:54:12]} 12. fxg6
{[%clk 1:00:48]} dxc3 {[%clk 0:38:51]} 13. gxf7+ {[%clk 0:56:02]} Rxf7
{[%clk 0:39:05]} 14. Rxf7 {[%clk 0:48:57]} Qxf7 {[%clk 0:38:52]} 15. bxc3
{[%clk 0:39:16]} Nc6 {[%clk 0:37:31]} 16. Bc4 {[%clk 0:32:12]} Be6
{[%clk 0:37:57]} 17. Bxe6 {[%clk 0:31:14]} Qxe6 {[%clk 0:38:25]} 18. Nf4
{[%clk 0:26:14]} Qf7 {[%clk 0:37:36]} 19. Nd5 {[%clk 0:26:01]} Rf8
{[%clk 0:32:39]} 20. Qe2 {[%clk 0:24:52]} Re8 {[%clk 0:30:32]} 21. Qb5
{[%clk 0:20:40]} Nd4 {[%clk 0:12:35]} 22. Qd3 {[%clk 0:15:28]} Ne6
{[%clk 0:13:01]} 23. Rf1 {[%clk 0:15:14]} Qg6 {[%clk 0:13:20]} 24. Qc4
{[%clk 0:10:56]} c6 {[%clk 0:13:15]} 25. Nf4 {[%clk 0:10:21]} Qf7
{[%clk 0:13:24]} 26. Ne2 {[%clk 0:05:27]} Qe7 {[%clk 0:10:12]} 27. Nd4
{[%clk 0:04:43]} d5 {[%clk 0:06:26]} 28. exd5 {[%clk 0:01:08]} Nxd4
{[%clk 0:06:54]} 29. d6+ {[%clk 0:00:48]} Qe6 {[%clk 0:07:17]} 30. cxd4
{[%clk 0:00:58]} Qxc4 {[%clk 0:06:29]} 31. Nxc4 {[%clk 0:01:26]} Bxd4+
{[%clk 0:06:50]} 32. Kh1 {[%clk 0:01:55]} Rd8 {[%clk 0:06:05]} 33. Na5
{[%clk 0:00:35]} Rd7 {[%clk 0:05:34]} 34. Rd1 {[%clk 0:00:38]} c5
{[%clk 0:05:32]} 35. Nc4 {[%clk 0:00:35]} b5 {[%clk 0:05:27]} 36. Na3
{[%clk 0:00:59]} a6 {[%clk 0:05:44]} 37. Nc2 {[%clk 0:00:50]} Rxd6
{[%clk 0:06:11]} 38. Nxd4 {[%clk 0:00:37]} Rxd4 {[%clk 0:06:33]} 0-1

[Event "WCO 2016"]
[Site "?"]
[Date "2016.09.11"]
[Round "9"]
[Board "21"]
[WhiteID "14800047"]
[White "Alice Mateus Felizardo Viageiro"]
[BlackID "16700058"]
[Black "Mohamed Hassan "]
[Result "1-0"]
[BlackElo "1855"]
[WhiteElo "2164"]
[LiveChessVersion "1.4.8"]

1. e4 {[%clk 1:30:58]} c6 {[%clk 1:30:52]} 2. d4 {[%clk 1:31:11]} d5
{[%clk 1:31:17]} 3. Nc3 {[%clk 1:31:37]} dxe4 {[%clk 1:31:37]} 4. Nxe4
{[%clk 1:32:04]} Bf5 {[%clk 1:31:40]} 5. Ng3 {[%clk 1:32:29]} Bg6
{[%clk 1:32:05]} 6. Nf3 {[%clk 1:32:49]} Nd7 {[%clk 1:32:21]} 7. Bd3
{[%clk 1:31:46]} e6 {[%clk 1:32:16]} 8. Bxg6 {[%clk 1:29:56]} hxg6
{[%clk 1:32:32]} 9. Qe2 {[%clk 1:29:44]} Be7 {[%clk 1:32:03]} 10. Bd2
{[%clk 1:29:28]} Ngf6 {[%clk 1:32:02]} 11. O-O-O {[%clk 1:29:45]} Nd5
{[%clk 1:31:48]} 12. Kb1 {[%clk 1:26:30]} a5 {[%clk 1:32:03]} 13. c4
{[%clk 1:26:41]} N5f6 {[%clk 1:32:16]} 14. Bg5 {[%clk 1:21:30]} O-O
{[%clk 1:32:30]} 15. h4 {[%clk 1:21:54]} Nh7 {[%clk 1:31:31]} 16. Bxe7
{[%clk 1:21:50]} Qxe7 {[%clk 1:31:35]} 17. h5 {[%clk 1:21:23]} g5
{[%clk 1:31:56]} 18. d5 {[%clk 1:21:17]} cxd5 {[%clk 1:31:08]} 19. cxd5
{[%clk 1:21:35]} Ra6 {[%clk 1:31:29]} 20. h6 {[%clk 1:18:15]} g6 {[%clk 1:31:44]}
21. Rhe1 {[%clk 1:18:33]} a4 {[%clk 1:30:26]} 22. dxe6 {[%clk 1:13:37]} Rxe6
{[%clk 1:25:54]} 23. Qb5 {[%clk 1:13:32]} Nc5 {[%clk 1:23:56]} 24. Rxe6
{[%clk 1:12:05]} Nxe6 {[%clk 1:19:40]} 25. Qxa4 {[%clk 1:12:16]} Rc8
{[%clk 1:15:19]} 26. Qd7 {[%clk 1:09:48]} Qc5 {[%clk 1:15:08]} 27. Qd2
{[%clk 0:58:52]} Nf6 {[%clk 1:14:37]} 28. Rc1 {[%clk 0:53:00]} Qxc1+
{[%clk 1:13:47]} 29. Qxc1 {[%clk 0:52:57]} Rxc1+ {[%clk 1:14:09]} 30. Kxc1
{[%clk 0:53:25]} Ng4 {[%clk 1:14:30]} 31. Ne4 {[%clk 0:53:28]} f6
{[%clk 1:13:34]} 32. b4 {[%clk 0:51:28]} Kh7 {[%clk 1:13:22]} 33. a4 Kxh6
{[%clk 1:13:17]} 34. Nc5 {[%clk 0:51:33]} Nxc5 {[%clk 1:06:37]} 35. bxc5
{[%clk 0:52:02]} Nxf2 {[%clk 1:06:51]} 36. Ne1 {[%clk 0:51:25]} Ne4
{[%clk 1:07:08]} 37. Nd3 {[%clk 0:51:41]} Kg7 {[%clk 1:06:16]} 38. a5
{[%clk 0:52:02]} Kf7 {[%clk 1:05:18]} 39. c6 {[%clk 0:50:23]} Nd6
{[%clk 1:03:42]} 40. cxb7 {[%clk 1:20:04]} Nxb7 {[%clk 1:30:02]} 41. a6
{[%clk 1:20:28]} 1-0

[Event "WCO 2016"]
[Site "?"]
[Date "2016.09.11"]
[Round "9"]
[Board "22"]
[WhiteID "16700031"]
[White "Ahmed Ashraf"]
[BlackID "14800268"]
[Black "Calicoca Wilton Inacio"]
[Result "0-1"]
[BlackElo "2190"]
[WhiteElo "1880"]
[LiveChessVersion "1.4.8"]

1. e4 {[%clk 1:30:57]} e5 {[%clk 1:30:58]} 2. Nf3 {[%clk 1:31:21]} Nc6
{[%clk 1:31:26]} 3. Bc4 {[%clk 1:31:42]} Be7 {[%clk 1:31:43]} 4. c3
{[%clk 1:29:53]} Nf6 {[%clk 1:32:09]} 5. d4 {[%clk 1:29:49]} d6 {[%clk 1:32:35]}
6. dxe5 {[%clk 1:17:04]} dxe5 {[%clk 1:31:00]} 7. Bd5 {[%clk 1:16:22]} Nxd5
{[%clk 1:24:01]} 8. exd5 {[%clk 1:09:01]} e4 {[%clk 1:22:18]} 9. dxc6
{[%clk 1:03:02]} Qxd1+ {[%clk 1:22:44]} 10. Kxd1 {[%clk 1:03:18]} exf3
{[%clk 1:23:11]} 11. cxb7 {[%clk 1:03:22]} Bxb7 {[%clk 1:23:38]} 12. g3
{[%clk 1:01:55]} O-O-O+ {[%clk 1:23:58]} 13. Kc2 {[%clk 1:00:35]} Bc5
{[%clk 1:19:45]} 14. Be3 {[%clk 0:59:41]} Be4+ {[%clk 1:08:59]} 15. Kc1
{[%clk 0:54:38]} Bxe3+ {[%clk 1:08:32]} 16. fxe3 {[%clk 0:55:06]} Rd3
{[%clk 1:08:42]} 17. Rf1 {[%clk 0:41:06]} Rhd8 {[%clk 1:08:20]} 18. c4
{[%clk 0:37:09]} g5 {[%clk 0:54:13]} 19. Nc3 {[%clk 0:30:05]} f5 {[%clk 0:54:40]}
20. g4 {[%clk 0:29:54]} Rxc3+ {[%clk 0:51:26]} 21. bxc3 {[%clk 0:29:54]} fxg4
{[%clk 0:51:54]} 22. Rf2 {[%clk 0:28:28]} h5 {[%clk 0:52:18]} 23. Kb2
{[%clk 0:28:15]} Rd3 {[%clk 0:51:30]} 24. Re1 {[%clk 0:26:36]} Kd7
{[%clk 0:50:12]} 25. Kc1 {[%clk 0:21:59]} Ke6 {[%clk 0:45:27]} 26. Rd1
{[%clk 0:17:14]} Kf5 {[%clk 0:44:51]} 27. Rdd2 {[%clk 0:13:30]} h4
{[%clk 0:44:57]} 28. h3 {[%clk 0:09:15]} gxh3 {[%clk 0:42:09]} 29. Rxd3
{[%clk 0:00:39]} Bxd3 {[%clk 0:42:06]} 30. Kd2 {[%clk 0:00:43]} Ke4
{[%clk 0:42:19]} 0-1

[Event "WCO 2016"]
[Site "?"]
[Date "2016.09.11"]
[Round "9"]
[Board "23"]
[WhiteID "14800276"]
[White "Chunguane Ilidio Alberto"]
[BlackID "16700066"]
[Black "Abdul Rahman Ali"]
[Result "1-0"]
[BlackElo "1853"]
[WhiteElo "2034"]
[LiveChessVersion "1.4.8"]

1. d4 {[%clk 1:30:44]} d5 {[%clk 1:30:40]} 2. c4 {[%clk 1:30:44]} e6
{[%clk 1:30:42]} 3. Nc3 {[%clk 1:30:45]} c6 {[%clk 1:30:56]} 4. Nf3
{[%clk 1:29:56]} Nf6 {[%clk 1:31:16]} 5. Bg5 {[%clk 1:29:45]} Be7
{[%clk 1:31:18]} 6. e3 {[%clk 1:30:02]} Ne4 {[%clk 1:31:31]} 7. Bf4
{[%clk 1:25:57]} Qa5 {[%clk 1:28:29]} 8. Qb3 {[%clk 1:24:54]} Nd7
{[%clk 1:27:20]} 9. c5 {[%clk 1:23:37]} Qd8 {[%clk 1:25:53]} 10. Bd3
{[%clk 1:23:53]} f5 {[%clk 1:26:14]} 11. O-O {[%clk 1:14:23]} O-O
{[%clk 1:26:31]} 12. Bxe4 {[%clk 1:14:19]} fxe4 {[%clk 1:26:30]} 13. Ne5
{[%clk 1:14:27]} Nxe5 {[%clk 1:25:27]} 14. Bxe5 {[%clk 1:14:40]} Rf5
{[%clk 1:25:24]} 15. Qd1 {[%clk 1:14:04]} Qe8 {[%clk 1:25:31]} 16. f3
{[%clk 1:12:59]} exf3 {[%clk 1:25:15]} 17. Rxf3 {[%clk 1:13:19]} Bd7
{[%clk 1:23:17]} 18. Qe2 {[%clk 1:12:16]} Qf7 {[%clk 1:23:25]} 19. Raf1
{[%clk 1:11:53]} Rf8 {[%clk 1:23:23]} 20. e4 {[%clk 1:10:11]} dxe4
{[%clk 1:23:19]} 21. Nxe4 {[%clk 1:10:08]} Qg6 {[%clk 1:21:38]} 22. h3
{[%clk 1:01:29]} R8f7 {[%clk 1:19:05]} 23. Kh2 {[%clk 0:50:31]} Be8
{[%clk 1:16:19]} 24. Rg3 {[%clk 0:44:00]} Rxf1 {[%clk 1:08:58]} 25. Rxg6
{[%clk 0:43:58]} hxg6 {[%clk 1:08:13]} 26. Qg4 {[%clk 0:40:12]} Re1
{[%clk 1:08:29]} 27. Ng3 {[%clk 0:40:10]} Bf6 {[%clk 1:00:11]} 28. Bxf6
{[%clk 0:21:25]} Rxf6 {[%clk 0:59:58]} 29. Ne4 {[%clk 0:21:38]} Rff1
{[%clk 0:56:08]} 30. Qxe6+ {[%clk 0:18:31]} Kf8 {[%clk 0:55:18]} 31. Qd6+
{[%clk 0:16:56]} Kg8 {[%clk 0:55:02]} 32. Qe7 {[%clk 0:16:01]} Bf7
{[%clk 0:51:57]} 33. Qd8+ {[%clk 0:13:49]} Kh7 {[%clk 0:51:03]} 34. Ng5+
{[%clk 0:12:12]} Kh6 {[%clk 0:51:26]} 35. Nxf7+ {[%clk 0:11:25]} 1-0

[Event "WCO 2016"]
[Site "?"]
[Date "2016.09.11"]
[Round "9"]
[Board "25"]
[WhiteID "6001238"]
[White "Lam Daniel King-wai"]
[BlackID "10000127"]
[Black "Kawuma Patrick"]
[Result "1-0"]
[BlackElo "2261"]
[WhiteElo "2169"]
[LiveChessVersion "1.4.8"]

1. e4 {[%clk 1:30:58]} c5 {[%clk 1:29:28]} 2. Nf3 {[%clk 1:31:23]} Nc6
{[%clk 1:29:45]} 3. d4 {[%clk 1:31:49]} cxd4 {[%clk 1:30:03]} 4. Nxd4
{[%clk 1:32:16]} Nf6 {[%clk 1:29:45]} 5. Nc3 {[%clk 1:32:44]} e5 {[%clk 1:29:44]}
6. Ndb5 {[%clk 1:33:10]} d6 {[%clk 1:30:04]} 7. Bg5 {[%clk 1:33:28]} a6
{[%clk 1:30:12]} 8. Na3 {[%clk 1:33:52]} b5 {[%clk 1:30:23]} 9. Nd5
{[%clk 1:34:11]} Be7 {[%clk 1:30:36]} 10. Bxf6 {[%clk 1:34:35]} Bxf6
{[%clk 1:30:29]} 11. c4 {[%clk 1:35:00]} b4 {[%clk 1:26:39]} 12. Nc2
{[%clk 1:35:21]} a5 {[%clk 1:25:34]} 13. g3 {[%clk 1:35:34]} O-O {[%clk 1:25:05]}
14. Bg2 {[%clk 1:35:53]} Be7 {[%clk 1:17:21]} 15. O-O {[%clk 1:35:05]} Be6
{[%clk 1:04:57]} 16. Qd3 {[%clk 1:32:04]} Ra7 {[%clk 1:01:22]} 17. Rad1
{[%clk 1:30:59]} Kh8 {[%clk 0:56:46]} 18. b3 {[%clk 1:18:15]} Rd7
{[%clk 0:48:07]} 19. f4 {[%clk 0:56:59]} exf4 {[%clk 0:41:57]} 20. gxf4
{[%clk 0:57:16]} f5 {[%clk 0:41:59]} 21. Qh3 {[%clk 0:55:43]} Qe8
{[%clk 0:38:17]} 22. Nce3 {[%clk 0:50:16]} g6 {[%clk 0:36:46]} 23. Kh1
{[%clk 0:26:15]} Nd8 {[%clk 0:29:26]} 24. exf5 {[%clk 0:24:43]} Bxf5
{[%clk 0:29:28]} 25. Nxf5 {[%clk 0:23:48]} Rxf5 {[%clk 0:29:53]} 26. Qe3
{[%clk 0:23:08]} Rb7 {[%clk 0:04:39]} 27. Qd4+ {[%clk 0:13:44]} Kg8
{[%clk 0:04:28]} 28. Nxe7+ {[%clk 0:13:32]} Rxe7 {[%clk 0:04:30]} 29. Qxd6
{[%clk 0:13:49]} Nf7 {[%clk 0:03:58]} 30. Qd2 {[%clk 0:12:57]} Qb8
{[%clk 0:02:08]} 31. Bd5 {[%clk 0:11:00]} Kg7 {[%clk 0:02:22]} 32. Qb2+
{[%clk 0:10:16]} Kh6 {[%clk 0:02:14]} 33. Qd4 {[%clk 0:08:21]} Qc7
{[%clk 0:00:37]} 34. Rd3 {[%clk 0:07:55]} Rh5 {[%clk 0:00:52]} 35. Re3
{[%clk 0:07:47]} Nd6 {[%clk 0:00:44]} 36. Rfe1 {[%clk 0:05:07]} Rxe3
{[%clk 0:00:44]} 37. Qxe3 {[%clk 0:05:06]} Nf5 {[%clk 0:01:01]} 38. Qf2
{[%clk 0:05:18]} Rh4 {[%clk 0:00:33]} 39. Re5 {[%clk 0:05:31]} Qd8
{[%clk 0:00:41]} 40. Be6 {[%clk 0:32:12]} Rh5 {[%clk 0:30:33]} 41. Bxf5
{[%clk 0:24:27]} Rxf5 {[%clk 0:30:34]} 42. Rxf5 {[%clk 0:20:34]} gxf5
{[%clk 0:30:22]} 43. Qe2 {[%clk 0:19:13]} Qd6 {[%clk 0:21:19]} 44. Qf3
{[%clk 0:18:21]} Qd4 {[%clk 0:18:11]} 45. Qg3 {[%clk 0:14:47]} Qf6
{[%clk 0:10:55]} 46. h4 {[%clk 0:14:24]} a4 {[%clk 0:09:00]} 47. Qg5+
{[%clk 0:14:19]} 1-0

[Event "WCO 2016"]
[Site "?"]
[Date "2016.09.11"]
[Round "9"]
[Board "26"]
[WhiteID "10000380"]
[White "Wanyama Harold"]
[BlackID "6002226"]
[Black "Lau Lut Yin Luke"]
[Result "1-0"]
[BlackElo "1994"]
[WhiteElo "2251"]
[LiveChessVersion "1.4.8"]

1. Nf3 {[%clk 1:30:55]} d5 {[%clk 1:30:49]} 2. d4 {[%clk 1:31:19]} e6
{[%clk 1:31:06]} 3. g3 {[%clk 1:31:41]} Nf6 {[%clk 1:28:56]} 4. c4
{[%clk 1:31:59]} dxc4 {[%clk 1:29:18]} 5. Bg2 {[%clk 1:32:21]} Bb4+
{[%clk 1:29:38]} 6. Nc3 {[%clk 1:32:37]} b5 {[%clk 1:24:35]} 7. O-O
{[%clk 1:29:38]} c6 {[%clk 1:16:26]} 8. a4 {[%clk 1:28:31]} bxa4 {[%clk 1:14:31]}
9. Rxa4 {[%clk 1:28:20]} a5 {[%clk 1:13:54]} 10. Ne5 {[%clk 1:28:19]} Nd5
{[%clk 1:08:46]} 11. e4 {[%clk 1:25:36]} Nb6 {[%clk 1:03:48]} 12. Ra1
{[%clk 1:23:53]} O-O {[%clk 1:03:44]} 13. Be3 {[%clk 1:23:08]} Bb7
{[%clk 0:59:04]} 14. Na4 {[%clk 1:22:46]} N8d7 {[%clk 0:50:45]} 15. Nxb6
{[%clk 1:19:01]} Nxb6 {[%clk 0:51:04]} 16. Qc2 {[%clk 1:19:27]} Qc7
{[%clk 0:44:36]} 17. Rfc1 {[%clk 1:12:57]} Rfc8 {[%clk 0:35:35]} 18. Nxc4
{[%clk 1:12:10]} Nxc4 {[%clk 0:35:44]} 19. Qxc4 {[%clk 1:12:34]} Ba6
{[%clk 0:35:56]} 20. Qc2 {[%clk 1:12:33]} Qd7 {[%clk 0:35:42]} 21. e5
{[%clk 1:10:59]} Bb5 {[%clk 0:34:20]} 22. Be4 {[%clk 1:11:08]} h6
{[%clk 0:25:40]} 23. Qd1 {[%clk 1:10:11]} Bf8 {[%clk 0:23:35]} 24. Qg4
{[%clk 1:09:20]} Kh8 {[%clk 0:23:34]} 25. h4 {[%clk 1:08:43]} Rc7
{[%clk 0:17:23]} 26. h5 {[%clk 1:07:44]} a4 {[%clk 0:12:33]} 27. Rc2
{[%clk 1:06:12]} Rac8 {[%clk 0:11:33]} 28. f4 {[%clk 1:05:01]} c5
{[%clk 0:05:37]} 29. d5 {[%clk 1:05:06]} exd5 {[%clk 0:05:50]} 30. Bf5
{[%clk 1:04:41]} Qe8 {[%clk 0:05:14]} 31. Bxc8 {[%clk 1:04:26]} Rxc8
{[%clk 0:05:39]} 32. Rac1 {[%clk 1:04:26]} Bd7 {[%clk 0:03:46]} 33. Qf3
{[%clk 0:55:35]} d4 {[%clk 0:02:18]} 34. Bxd4 {[%clk 0:55:59]} Bc6
{[%clk 0:02:20]} 35. Qe2 {[%clk 0:52:19]} Qd7 {[%clk 0:00:32]} 36. Bc3
{[%clk 0:49:36]} Qd5 {[%clk 0:00:43]} 37. Kh2 {[%clk 0:49:47]} Qe6
{[%clk 0:00:32]} 38. g4 {[%clk 0:48:19]} Qe7 {[%clk 0:00:32]} 39. Kg3
{[%clk 0:48:22]} Qb7 {[%clk 0:00:33]} 40. Rd2 {[%clk 1:18:10]} Bb5
{[%clk 0:30:32]} 41. Qe3 {[%clk 1:17:57]} Bc4 {[%clk 0:17:37]} 42. f5
{[%clk 1:17:38]} Kg8 {[%clk 0:15:57]} 43. g5 {[%clk 1:16:25]} hxg5
{[%clk 0:10:14]} 44. Qxg5 {[%clk 1:16:11]} Kh7 {[%clk 0:08:39]} 45. Qf4
{[%clk 1:15:43]} Bb3 {[%clk 0:08:02]} 46. Rg1 {[%clk 1:15:49]} Qc7
{[%clk 0:06:11]} 47. Kh2 {[%clk 1:13:56]} Re8 {[%clk 0:05:10]} 48. Rdg2
{[%clk 1:13:21]} f6 {[%clk 0:04:35]} 49. Qg3 {[%clk 1:12:58]} Bf7
{[%clk 0:04:28]} 50. Qe3 {[%clk 1:12:18]} fxe5 {[%clk 0:03:47]} 51. Qe4
{[%clk 1:12:04]} Kh8 {[%clk 0:02:50]} 52. Rg6 {[%clk 1:11:07]} Qd8
{[%clk 0:01:45]} 53. Qg4 {[%clk 1:10:53]} Qd5 {[%clk 0:00:35]} 54. Rxg7
{[%clk 1:10:03]} Qc4 {[%clk 0:00:33]} 55. Qg5 {[%clk 1:06:26]} Qe2+
{[%clk 0:00:36]} 56. Rg2 {[%clk 1:06:50]} Qxh5+ {[%clk 0:00:46]} 57. Qxh5+
{[%clk 1:07:14]} Bxh5 {[%clk 0:01:15]} 58. R7g5 {[%clk 1:07:37]} Bf7
{[%clk 0:00:56]} 59. Kg1 {[%clk 1:07:50]} Kh7 {[%clk 0:00:51]} 60. f6
{[%clk 1:07:34]} Bd5 {[%clk 0:00:32]} 61. Rh2+ {[%clk 1:07:55]} 1-0

[Event "WCO 2016"]
[Site "?"]
[Date "2016.09.11"]
[Round "9"]
[Board "27"]
[WhiteID "6001890"]
[White "Pang Yui Kuen "]
[BlackID "10000550"]
[Black "Gonza Simon"]
[Result "1/2-1/2"]
[BlackElo "2096"]
[WhiteElo "1963"]
[LiveChessVersion "1.4.8"]

1. d4 {[%clk 1:30:49]} Nf6 {[%clk 1:30:07]} 2. Bf4 {[%clk 1:31:09]} e6
{[%clk 1:28:23]} 3. e3 {[%clk 1:28:28]} d5 {[%clk 1:28:16]} 4. Nf3
{[%clk 1:28:08]} Nbd7 {[%clk 1:27:23]} 5. Bd3 {[%clk 1:26:43]} c5
{[%clk 1:27:04]} 6. c3 {[%clk 1:27:00]} Be7 {[%clk 1:27:10]} 7. h3
{[%clk 1:27:06]} h6 {[%clk 1:24:52]} 8. Nbd2 {[%clk 1:26:07]} b6 {[%clk 1:21:07]}
9. Ne5 {[%clk 1:16:41]} Nxe5 {[%clk 1:07:13]} 10. Bxe5 {[%clk 1:17:08]} O-O
{[%clk 1:07:13]} 11. O-O {[%clk 1:17:20]} Bd7 {[%clk 1:05:19]} 12. Qe2
{[%clk 1:06:44]} c4 {[%clk 1:02:47]} 13. Bc2 {[%clk 1:06:52]} b5 {[%clk 1:03:02]}
14. e4 {[%clk 1:06:26]} Bc6 {[%clk 1:02:45]} 15. Bxf6 {[%clk 1:06:33]} Bxf6
{[%clk 1:02:46]} 16. e5 {[%clk 1:06:58]} Be7 {[%clk 1:02:40]} 17. f4
{[%clk 1:06:40]} b4 {[%clk 1:01:51]} 18. g4 {[%clk 0:59:42]} bxc3
{[%clk 1:01:14]} 19. bxc3 {[%clk 1:00:09]} Rb8 {[%clk 1:01:12]} 20. Nf3
{[%clk 0:53:40]} Ba3 {[%clk 0:59:52]} 21. Rab1 {[%clk 0:44:23]} Qa5
{[%clk 0:58:40]} 22. Qd2 {[%clk 0:44:29]} Qc7 {[%clk 0:52:01]} 23. f5
{[%clk 0:43:09]} Rxb1 {[%clk 0:50:55]} 24. Bxb1 {[%clk 0:42:38]} exf5
{[%clk 0:45:14]} 25. gxf5 {[%clk 0:38:58]} f6 {[%clk 0:45:22]} 26. Qg2
{[%clk 0:33:21]} Qf7 {[%clk 0:43:22]} 27. Kh1 {[%clk 0:29:12]} Rb8
{[%clk 0:39:58]} 28. e6 {[%clk 0:29:14]} Qh5 {[%clk 0:37:04]} 29. Rg1
{[%clk 0:28:07]} Rb7 {[%clk 0:30:21]} 30. Nh2 {[%clk 0:23:52]} Qh4
{[%clk 0:27:36]} 31. Ng4 {[%clk 0:21:29]} Rb2 {[%clk 0:24:57]} 32. Bc2
{[%clk 0:20:15]} Qg5 {[%clk 0:08:07]} 33. Qe2 {[%clk 0:12:00]} Ba4
{[%clk 0:02:33]} 34. e7 {[%clk 0:11:17]} Bxe7 {[%clk 0:02:08]} 35. Qxe7
{[%clk 0:11:37]} Rxc2 {[%clk 0:02:12]} 36. Nxf6+ {[%clk 0:11:48]} gxf6
{[%clk 0:01:06]} 37. Rxg5+ {[%clk 0:12:10]} hxg5 {[%clk 0:00:47]} 38. Qxf6
{[%clk 0:11:50]} Rxc3 {[%clk 0:00:43]} 39. Qg6+ {[%clk 0:11:53]} Kf8
{[%clk 0:00:41]} 40. f6 {[%clk 0:42:13]} Rc1+ {[%clk 0:30:31]} 1/2-1/2